000
00269nam a2200121 a 4500
008
101026s1967|||| d
100
1
_a
McCarthyová, Mary
245
1
0
_a
Skupina
041
_a
slo
044
_a
xo
_c
SK
260
_b
Smena
_a
Bratislava
_c
1967
020
_c
21
999
_c
12270
_d
12270